[Event "USCL Week 1"]
[Site "Internet Chess Club"]
[Date "2015.08.26"]
[Round "?"]
[White "Jacobson, Brandon"]
[Black "Iyer, Venkat"]
[Result "1-0"]
[WhiteElo "2192"]
[BlackElo "2186"]
[PlyCount "149"]
[EventDate "2015.??.??"]

1. d4 d5 2. c4 c6 3. Nf3 Nf6 4. e3 e6 5. Nbd2 Nbd7 6. Bd3 Bd6 7. O-O O-O 8. e4
e5 9. exd5 cxd5 10. cxd5 exd4 11. Nxd4 Nxd5 12. Nc4 Bf4 13. Bxh7+ Kxh7 14. Qh5+
Kg8 15. Qxd5 Bxc1 16. Raxc1 Nb6 17. Qc5 Qf6 18. Qd6 Qxd6 19. Nxd6 Rd8 20. N6b5
a6 21. Nc7 Rb8 22. Rfd1 Bg4 23. f3 Rd7 24. Ndb5 Bf5 25. Rd6 Rxd6 26. Nxd6 Bd7
27. Rc3 Bc6 28. Nf5 Kf8 29. Nxa6 Rd8 30. Nb4 Rd1+ 31. Kf2 Bd7 32. Ne3 Rd2+ 33.
Kg3 Rxb2 34. Nd3 Rxa2 35. Rb3 Re2 36. Nf4 Ba4 37. Rxb6 Rxe3 38. Rxb7 Re5 39. h4
g5 40. hxg5 Rxg5+ 41. Kh4 Re5 42. Rb4 Bc6 43. Rc4 Bb5 44. Rc3 Rf5 45. Nh5 Bd7
46. g4 Rb5 47. f4 Ke7 48. Ng3 Rb4 49. f5 f6 50. Re3+ Kf7 51. Ne4 Rd4 52. Kh5
Ba4 53. Nf2 Bc2 54. Rc3 Ba4 55. Rc7+ Rd7 56. Rc4 Bb5 57. Rb4 Bc6 58. Nh3 Rd8
59. Kh4 Rh8+ 60. Kg3 Rd8 61. Nf4 Rd7 62. Rb6 Rd6 63. Ne6 Rd3+ 64. Kh4 Bg2 65.
Nf4 Rd2 66. Nh5 Bf3 67. Rxf6+ Ke7 68. Re6+ Kf7 69. Re3 Bd1 70. Nf4 Rf2 71. Kg5
Ra2 72. Ng6 Ra4 73. Re7+ Kg8 74. Kh6 Bb3 75. Rg7# 1-0

[Event "USCL Week 1"]
[Site "Internet Chess Club"]
[Date "2015.08.26"]
[Round "?"]
[White "Martirosov, Vadim"]
[Black "Schroer, Jonathan"]
[Result "0-1"]
[WhiteElo "2367"]
[BlackElo "2427"]
[PlyCount "130"]
[EventDate "2015.??.??"]

1. d4 d5 2. c4 c6 3. Nf3 Nf6 4. e3 g6 5. Nc3 Bg7 6. Qb3 O-O 7. Bd2 a6 8. Be2 e6
9. O-O dxc4 10. Qxc4 b5 11. Qd3 a5 12. Ne4 b4 13. Nxf6+ Bxf6 14. Qe4 Bb7 15. a3
Qe7 16. Qf4 Nd7 17. Qc7 Ne5 18. Qxe7 Nxf3+ 19. Bxf3 Bxe7 20. axb4 Bxb4 21. Bxb4
axb4 22. Rfc1 Rfe8 23. Kf1 Ba6+ 24. Ke1 Bb5 25. Kd2 Rxa1 26. Rxa1 e5 27. Rc1
exd4 28. exd4 Rd8 29. Ke3 Rd6 30. Rc5 Re6+ 31. Kd2 Rd6 32. d5 Ba4 33. Ke3 cxd5
34. Bxd5 Kg7 35. Kd4 Bd7 36. Ke5 Rb6 37. Kd4 Rd6 38. f4 Be6 39. Ke5 Ra6 40. Rc6
Ra5 41. Rd6 Rc5 42. b3 Bxd5 43. Rxd5 Rc3 44. g4 Rxb3 45. g5 Rh3 46. Rb5 b3 47.
f5 gxf5 48. Kxf5 h6 49. Kg4 Rc3 50. h4 hxg5 51. hxg5 Kf8 52. Rb7 Ke8 53. Kf5
Kd8 54. Ke4 Kc8 55. Rb4 Kd7 56. Kd5 Rd3+ 57. Ke4 Rc3 58. Kd5 Rd3+ 59. Ke4 Rg3
60. Kf4 Rc3 61. Ke5 Kc6 62. Kf6 Rf3+ 63. Ke7 Kc5 64. Rb8 Kc4 65. Rb6 Rf5 0-1

[Event "USCL Week 1"]
[Site "Internet Chess Club"]
[Date "2015.08.26"]
[Round "?"]
[White "Krush, Irina"]
[Black "Balakrishnan, Praveen"]
[Result "0-1"]
[WhiteElo "2551"]
[BlackElo "2422"]
[PlyCount "104"]
[EventDate "2015.??.??"]

1. c4 e5 2. Nc3 Nf6 3. Nf3 Nc6 4. e3 d5 5. cxd5 Nxd5 6. Bb5 Nxc3 7. bxc3 e4 8.
Ne5 Qd5 9. Qa4 Bd7 10. Nxd7 Kxd7 11. O-O a6 12. Be2 Bd6 13. f3 Qh5 14. h3 Rae8
15. Ba3 b5 16. Qb3 Na5 17. Qb2 c5 18. Rae1 exf3 19. Rxf3 Qe5 20. d4 Qh2+ 21.
Kf2 Be7 22. Rf4 Bd6 23. Bxb5+ axb5 24. Qxb5+ Kc8 25. Qa6+ Nb7 26. Qc6+ Bc7 27.
Rb1 Nd8 28. Qa6+ Kd7 29. Qa4+ Kc8 30. Rf3 Re6 31. Bxc5 Rg6 32. Qa8+ Kd7 33.
Qd5+ Kc8 34. Rf5 Ra6 35. Rf3 Re8 36. Qf5+ Ree6 37. a3 g6 38. Qd5 Rf6 39. Rxf6
Rxf6+ 40. Ke2 Re6 41. Qf3 f5 42. Kd3 Re4 43. Qf2 Ne6 44. Rb5 Qh1 45. Qb2 Qf1+
46. Kc2 Rxe3 47. Qb4 Re2+ 48. Kb3 Qxg2 49. Ka4 Qa8+ 50. Kb3 Qe4 51. Qa4 Qd5+
52. c4 Qf3+ 0-1

[Event "USCL Week 1"]
[Site "Internet Chess Club"]
[Date "2015.08.26"]
[Round "?"]
[White "Vaidya, Atulya"]
[Black "Golub, David"]
[Result "1-0"]
[WhiteElo "2271"]
[BlackElo "2321"]
[PlyCount "55"]
[EventDate "2015.??.??"]

1. d4 Nf6 2. c4 e6 3. Nc3 Bb4 4. Qc2 d5 5. cxd5 exd5 6. Bg5 h6 7. Bh4 c5 8.
dxc5 g5 9. Bg3 Ne4 10. e3 Qa5 11. Nge2 Bf5 12. Qc1 Nc6 13. a3 Nxc5 14. axb4
Nd3+ 15. Kd2 Qxb4 16. Qb1 Nxf2 17. Qxf5 Nxh1 18. Kc1 Qc5 19. Nd4 Nxg3 20. hxg3
Ke7 21. Kb1 Nxd4 22. exd4 Qxd4 23. Ra4 Qg7 24. Nxd5+ Kd6 25. Nf6 Ke7 26. Qc5+
Ke6 27. Bc4+ Kxf6 28. Qd6+ 1-0

[Event "USCL Week 1"]
[Site "Internet Chess Club"]
[Date "2015.08.26"]
[Round "?"]
[White "Cozianu, Costin"]
[Black "Li, Ruifeng"]
[Result "1/2-1/2"]
[WhiteElo "2451"]
[BlackElo "2502"]
[PlyCount "48"]
[EventDate "2015.??.??"]

1. e4 e6 2. d4 d5 3. e5 c5 4. c3 Nc6 5. Nf3 Nge7 6. Be2 Nf5 7. dxc5 Bxc5 8. b4
Be7 9. b5 Na5 10. O-O b6 11. Nbd2 Bb7 12. Nd4 Rc8 13. Nxf5 exf5 14. Nf3 O-O 15.
Qd3 g6 16. Be3 d4 17. Bxd4 Nc4 18. Nd2 Bd5 19. Rfe1 Qd7 20. a4 Rfd8 21. Nxc4
Bxc4 22. Qe3 Qe6 23. a5 Bxe2 24. Rxe2 Rd5 1/2-1/2

[Event "USCL Week 1"]
[Site "Internet Chess Club"]
[Date "2015.08.26"]
[Round "?"]
[White "Lee, Andy"]
[Black "Ramirez, Alejandro"]
[Result "0-1"]
[WhiteElo "2392"]
[BlackElo "2670"]
[PlyCount "62"]
[EventDate "2015.??.??"]

1. e4 e5 2. Nf3 Nc6 3. Bb5 a6 4. Ba4 Nge7 5. O-O g6 6. d4 exd4 7. Nxd4 Bg7 8.
Be3 O-O 9. Nc3 Na5 10. Bg5 h6 11. Bh4 c5 12. Nf5 gxf5 13. Nd5 f6 14. c3 b5 15.
Bg3 bxa4 16. Bc7 Qe8 17. Bxa5 Rb8 18. Bc7 Rxb2 19. Qc1 a3 20. Bd6 Nxd5 21. Bxf8
fxe4 22. Bxc5 f5 23. Bxa3 Re2 24. Rb1 e3 25. Bc5 f4 26. Rb8 d6 27. Bd4 Bxd4 28.
cxd4 exf2+ 29. Rxf2 Re1+ 30. Rf1 Rxc1 31. Rxc1 Qe3+ 0-1

[Event "USCL Week 1"]
[Site "Internet Chess Club"]
[Date "2015.08.26"]
[Round "?"]
[White "Benjamin, Joel"]
[Black "Izoria, Zviad"]
[Result "0-1"]
[WhiteElo "2629"]
[BlackElo "2638"]
[PlyCount "146"]
[EventDate "2015.??.??"]

1. e4 c5 2. Nf3 d6 3. d4 cxd4 4. Nxd4 Nf6 5. Nc3 a6 6. a4 e5 7. Nf3 Be7 8. Bg5
Be6 9. Bxf6 Bxf6 10. Nd5 Nd7 11. Bc4 Rc8 12. b3 Qa5+ 13. Qd2 Qxd2+ 14. Nxd2 Bg5
15. h4 Bh6 16. Ra2 Nf6 17. Nxf6+ gxf6 18. Bxe6 fxe6 19. Nc4 Ke7 20. Ke2 Rhg8
21. g3 Rg4 22. Kf3 f5 23. exf5 exf5 24. Rd1 Rc6 25. a5 Ke6 26. Nb6 Rc3+ 27. Ke2
Re4+ 28. Kf1 Rd4 29. Rxd4 exd4 30. Na4 Rc7 31. Ke2 Rg7 32. Nb2 f4 33. gxf4 Bxf4
34. Nd3 Be5 35. Ra4 Rc7 36. Kd1 Kf5 37. f3 h5 38. Rb4 Bf6 39. Rb6 Rd7 40. Rb4
Rh7 41. Ke2 Re7+ 42. Kd1 Rc7 43. Rb6 Rd7 44. Rb4 Rh7 45. Ke2 Rg7 46. Rb6 Rd7
47. Rb4 Rh7 48. Rb6 Bxh4 49. Rxd6 Bg3 50. Rd5+ Ke6 51. Rg5 h4 52. f4 Rc7 53.
Nc5+ Kf7 54. b4 Re7+ 55. Kd3 Re3+ 56. Kxd4 Rf3 57. Nd3 Kf6 58. Ke4 Rxf4+ 59.
Nxf4 Kxg5 60. Nd5 Be1 61. Kf3 Kf5 62. c4 Ke5 63. Kg4 Kd4 64. b5 Bxa5 65. bxa6
bxa6 66. Kxh4 Kxc4 67. Ne3+ Kb3 68. Kg3 Bd2 69. Nf5 a5 70. Kf3 Bc3 71. Nd6 a4
72. Nb5 Kb4 73. Nc7 a3 0-1

[Event "USCL Week 1"]
[Site "Internet Chess Club"]
[Date "2015.08.26"]
[Round "?"]
[White "Akobian, Varuzhan"]
[Black "Naroditsky, Daniel"]
[Result "1-0"]
[WhiteElo "2721"]
[BlackElo "2711"]
[PlyCount "111"]
[EventDate "2015.??.??"]

1. d4 Nf6 2. c4 g6 3. Nc3 d5 4. Bg5 Bg7 5. Nf3 Ne4 6. Bh4 Nxc3 7. bxc3 c5 8.
cxd5 Qxd5 9. e3 Nc6 10. Be2 cxd4 11. cxd4 O-O 12. O-O Bf5 13. Qa4 e5 14. dxe5
Nxe5 15. Nxe5 Qxe5 16. Bf3 Qb2 17. Rac1 Bd3 18. Rfd1 Be2 19. Bxe2 Qxe2 20. h3
Be5 21. Qb3 Rac8 22. Qxb7 Rxc1 23. Rxc1 Qd2 24. Rf1 Qxa2 25. Qe7 Qa5 26. f4 Bg7
27. Rb1 Qa2 28. Rb7 a5 29. Ra7 Qb1+ 30. Kh2 Qb6 31. Be1 Bf6 32. Bxa5 Qe6 33.
Qxe6 fxe6 34. Ra6 Re8 35. g4 Bg7 36. Kg3 Kf7 37. Bb4 Rb8 38. Ra7+ Kg8 39. Bc5
Rc8 40. Ra5 Rd8 41. Kf3 Rd5 42. Ra8+ Kf7 43. Ra7+ Kg8 44. Rc7 h5 45. g5 Rf5 46.
Rc8+ Kh7 47. e4 Rf7 48. Rc6 Rb7 49. Rxe6 Rb3+ 50. Kf2 Rxh3 51. f5 gxf5 52. exf5
Bc3 53. Re7+ Kg8 54. f6 Rh4 55. f7+ Kg7 56. f8=Q+ 1-0

[Event "USCL Week 1"]
[Site "Internet Chess Club"]
[Date "2015.08.26"]
[Round "?"]
[White "Xiong, Jeffery"]
[Black "Lee, Michael"]
[Result "1-0"]
[WhiteElo "2616"]
[BlackElo "2503"]
[PlyCount "83"]
[EventDate "2015.??.??"]

1. c4 e5 2. a3 Nf6 3. e3 Nc6 4. b4 d5 5. cxd5 Qxd5 6. Bb2 Be6 7. Nf3 e4 8. Nc3
Qd7 9. b5 Na5 10. Nd4 Bc5 11. Nxe6 Qxe6 12. Qc2 O-O 13. Ne2 Bb6 14. Rd1 Rac8
15. Nf4 Qf5 16. Be2 c6 17. Bxf6 gxf6 18. bxc6 Rxc6 19. Qb1 Bc7 20. Nh5 Rb6 21.
Qc2 Rc8 22. Qa4 Nb3 23. Ng3 Bxg3 24. hxg3 Nc5 25. Qxa7 Rb2 26. O-O Qd5 27. Qa5
Rb3 28. Rc1 b6 29. Qa7 Ra8 30. Qc7 Ne6 31. Qe7 Qe5 32. Qb7 Raxa3 33. Rc8+ Kg7
34. Bc4 Rb2 35. Bxe6 Qxe6 36. Qb8 f5 37. Rfc1 Rxd2 38. R1c6 Ra1+ 39. Kh2 Rdd1
40. Rg8+ Kf6 41. Rxe6+ fxe6 42. g4 1-0

[Event "USCL Week 1"]
[Site "Internet Chess Club"]
[Date "2015.08.26"]
[Round "?"]
[White "Karlow, Nick"]
[Black "Panchanatham, Vignesh"]
[Result "0-1"]
[WhiteElo "2251"]
[BlackElo "2386"]
[PlyCount "140"]
[EventDate "2015.??.??"]

1. d4 Nf6 2. Nf3 g6 3. Bf4 Bg7 4. c3 O-O 5. h3 b6 6. e3 d5 7. Nbd2 Bb7 8. Bd3
c5 9. O-O Nbd7 10. Bh2 Rc8 11. Ne5 Ne4 12. Nxd7 Qxd7 13. Qe2 f5 14. Nf3 c4 15.
Bc2 a5 16. Be5 Bf6 17. Rad1 b5 18. Nd2 b4 19. Bxf6 exf6 20. Nxe4 fxe4 21. f3 f5
22. Qf2 Bc6 23. fxe4 fxe4 24. Qg3 Qe7 25. Rde1 Bd7 26. h4 Bf5 27. Rf2 Qc7 28.
Qxc7 Rxc7 29. Ref1 Rcf7 30. Ba4 h5 31. Kh2 Kg7 32. Bc6 Rd8 33. Kg3 Rc7 34. Ba4
Rd6 35. Bd1 Be6 36. Kf4 Bg8 37. Kg5 Rf7 38. g4 hxg4 39. Bxg4 Rb6 40. h5 gxh5
41. Bxh5 Rxf2 42. Rxf2 bxc3 43. bxc3 Rb1 44. Kf5 Rg1 45. Rf4 Re1 46. Rg4+ Kf8
47. Rg3 Rc1 48. Kf6 Rxc3 49. Bg6 Rc2 50. Bf5 Rf2 51. Rh3 c3 52. Ke5 c2 53. Rh1
Rd2 54. Rc1 Bf7 55. Be6 Bxe6 56. Kxe6 a4 57. Kxd5 Ke7 58. Kc4 Kd6 59. Kc3 Rd3+
60. Kc4 Rxe3 61. Rxc2 Re1 62. a3 Rb1 63. Rc3 Rb8 64. d5 Rc8+ 65. Kd4 Rxc3 66.
Kxc3 Kxd5 67. Kc2 Kc4 68. Kd2 Kb3 69. Ke3 Kxa3 70. Kxe4 Kb2 0-1

[Event "USCL Week 1"]
[Site "Internet Chess Club"]
[Date "2015.08.26"]
[Round "?"]
[White "Lebovitz, Andrew"]
[Black "Durham, Daniel"]
[Result "1/2-1/2"]
[WhiteElo "2157"]
[BlackElo "2306"]
[PlyCount "88"]
[EventDate "2015.??.??"]

1. c4 g6 2. g3 Bg7 3. Bg2 d6 4. d4 Nf6 5. Nc3 O-O 6. Nf3 Nc6 7. O-O a6 8. h3
Rb8 9. e4 e5 10. Be3 b5 11. dxe5 Nxe5 12. Nxe5 dxe5 13. Qc2 Be6 14. Nd5 c6 15.
Nb4 Rc8 16. Nxa6 Nd7 17. Nc5 Nxc5 18. Bxc5 Re8 19. Rfd1 Qa5 20. b4 Qa6 21. cxb5
cxb5 22. Bf1 Qb7 23. a4 bxa4 24. Rxa4 Bf8 25. Ba6 Rxc5 26. bxc5 Qb3 27. Bd3
Bxc5 28. Ra6 Qxc2 29. Bxc2 Bxh3 30. Rc6 Bd4 31. Bb3 Rb8 32. Rb1 Rb7 33. Ba2
Rxb1+ 34. Bxb1 Be6 35. Bd3 Kg7 36. Kg2 h5 37. f4 h4 38. f5 gxf5 39. gxh4 fxe4
40. Bxe4 Be3 41. Kf3 Bd2 42. Rxe6 fxe6 43. Bc6 Kg6 44. Ke4 Bf4 1/2-1/2

[Event "USCL Week 1"]
[Site "Internet Chess Club"]
[Date "2015.08.26"]
[Round "?"]
[White "Banawa, Joel"]
[Black "Hernandez, Alberto"]
[Result "1-0"]
[WhiteElo "2496"]
[BlackElo "2321"]
[PlyCount "119"]
[EventDate "2015.??.??"]

1. c4 c5 2. Nc3 Nc6 3. Nf3 g6 4. g3 Bg7 5. Bg2 Nh6 6. O-O Nf5 7. a3 e6 8. d3 h6
9. Bd2 O-O 10. Rb1 a5 11. Ne1 Nfe7 12. Ne4 d6 13. Nc2 a4 14. Na1 f5 15. Nc3 Qa5
16. e3 Qa7 17. Nb5 Qb8 18. Bc3 e5 19. b4 axb3 20. Qxb3 Be6 21. f4 Qd8 22. Qb2
Rf7 23. Nb3 b6 24. Rfd1 Rb8 25. a4 Qd7 26. d4 exd4 27. exd4 cxd4 28. N3xd4 Nxd4
29. Bxd4 Bxc4 30. Nxd6 Qxd6 31. Bxg7 Qc5+ 32. Bd4 Qa5 33. Be5 Re8 34. Qxb6 Qxa4
35. Ra1 Qb3 36. Qf2 Bd5 37. Rdb1 Qc4 38. Rc1 Qb5 39. Bf1 Qb4 40. Re1 Nc6 41.
Bd6 Rxe1 42. Ra8+ Kh7 43. Bxb4 Rb1 44. Bc3 Ne5 45. Re8 Bc4 46. fxe5 Bxf1 47.
Qxf1 Rxf1+ 48. Kxf1 Rc7 49. Bb4 Rc4 50. Re7+ Kg8 51. Bd6 Rd4 52. Ke2 g5 53. Ke3
Rd5 54. Re6 Kg7 55. Rf6 f4+ 56. gxf4 gxf4+ 57. Rxf4 Rd1 58. Ke4 Kg6 59. Bc5 h5
60. e6 1-0

[Event "USCL Week 1"]
[Site "Internet Chess Club"]
[Date "2015.08.26"]
[Round "?"]
[White "Liu, Elliott"]
[Black "Atoufi, Pedram"]
[Result "1-0"]
[WhiteElo "2329"]
[BlackElo "2368"]
[PlyCount "101"]
[EventDate "2015.??.??"]

1. Nf3 Nf6 2. c4 g6 3. Nc3 Bg7 4. e4 d6 5. d4 O-O 6. Be2 e5 7. O-O Nc6 8. d5
Ne7 9. Ne1 Nd7 10. Nd3 f5 11. Bd2 Nf6 12. f3 b6 13. b4 f4 14. c5 a6 15. Rc1 g5
16. Nf2 h5 17. Qc2 g4 18. cxb6 cxb6 19. b5 a5 20. Na4 Ra7 21. Qb3 g3 22. hxg3
fxg3 23. Nh1 h4 24. Bg5 Ng6 25. Rc6 Nf4 26. Re1 Nxg2 27. Kxg2 Qd7 28. Rxc8 Qxc8
29. Nxb6 Qb8 30. Nc4 Nh5 31. Bxh4 Nf4+ 32. Kg1 g2 33. Nf2 Bf6 34. Bg3 Nh5 35.
Kxg2 Nxg3 36. Kxg3 Rh7 37. Kg2 Bh4 38. Rh1 Qd8 39. Ng4 Rff7 40. Qa3 Qg5 41.
Qxd6 Re7 42. Qd8+ Kg7 43. d6 Rb7 44. Qxg5+ Bxg5 45. Rxh7+ Kxh7 46. Ncxe5 a4 47.
Kg3 Kg7 48. f4 Bd8 49. Nc6 Bb6 50. e5 Bc5 51. Nd8 1-0

[Event "USCL Week 1"]
[Site "Internet Chess Club"]
[Date "2015.08.26"]
[Round "?"]
[White "Gareyev, Timur"]
[Black "Barcenilla, Rogelio"]
[Result "1/2-1/2"]
[WhiteElo "2656"]
[BlackElo "2587"]
[PlyCount "162"]
[EventDate "2015.??.??"]

1. d4 Nf6 2. c4 g6 3. Nc3 Bg7 4. e4 d6 5. Be2 O-O 6. Nf3 e5 7. O-O Nc6 8. d5
Ne7 9. Bd2 Nd7 10. Rc1 h6 11. Ne1 f5 12. f3 f4 13. Nd3 h5 14. b4 g5 15. c5 Nf6
16. Nf2 Ng6 17. cxd6 cxd6 18. Nb5 Ne8 19. a4 Rf7 20. a5 Bf8 21. Rc3 Bd7 22. h3
Rg7 23. Qc2 Nh4 24. Nc7 Nxc7 25. Rxc7 Nxg2 26. Rxd7 Rxd7 27. Kxg2 Rc8 28. Qd1
Rdc7 29. Bd3 Qd7 30. Rg1 Be7 31. Kf1 Kf7 32. Ke2 b5 33. a6 Rb8 34. h4 gxh4 35.
Qf1 Rcc8 36. Kd1 Rg8 37. Rxg8 Kxg8 38. Bxf4 exf4 39. Qg2+ Kh8 40. Qg6 Bf8 41.
e5 dxe5 42. Qxh5+ Kg8 43. Ng4 Rb6 44. Nxe5 Qg7 45. Bf5 Bxb4 46. Qe8+ Bf8 47.
Be6+ Rxe6 48. Qxe6+ Kh7 49. d6 Qg1+ 50. Ke2 Qe3+ 51. Kf1 Qc1+ 52. Kg2 Qd2+ 53.
Kh3 Qxd6 54. Qf5+ Kg7 55. Qf7+ Kh6 56. Qxf4+ Kh7 57. Qf5+ Kg7 58. Qf7+ Kh6 59.
Qf4+ Kh7 60. Qf5+ Kg7 61. Qg5+ Kh7 62. Qxh4+ Qh6 63. Qxh6+ Bxh6 64. Nc6 Be3 65.
Kg4 Kg6 66. f4 Kf6 67. Kf3 Bc5 68. Ke4 Ke6 69. Nd4+ Bxd4 70. Kxd4 Kf5 71. Kc5
Kxf4 72. Kxb5 Ke5 73. Kc6 Ke6 74. Kc7 Ke7 75. Kc8 Ke8 76. Kb7 Kd7 77. Kb8 Kd8
78. Kb7 Kd7 79. Kxa7 Kc7 80. Ka8 Kc8 81. a7 Kc7 1/2-1/2

[Event "USCL Week 1"]
[Site "Internet Chess Club"]
[Date "2015.08.26"]
[Round "?"]
[White "Tiglon, Bryce"]
[Black "Malhotra, Akshay"]
[Result "1-0"]
[WhiteElo "2305"]
[BlackElo "2255"]
[PlyCount "161"]
[EventDate "2015.??.??"]

1. Nf3 Nf6 2. c4 c6 3. Nc3 d5 4. d4 e6 5. Bg5 Nbd7 6. e3 Qa5 7. Nd2 Bb4 8. Qc2
dxc4 9. Bxf6 Nxf6 10. Nxc4 Qd5 11. a3 Bxc3+ 12. Qxc3 O-O 13. Ne5 Nd7 14. Nd3
Re8 15. Rd1 h6 16. h3 a5 17. Ne5 Rd8 18. Nf3 b6 19. Bc4 Qd6 20. O-O Bb7 21. Qb3
Qc7 22. Be2 c5 23. Rc1 Bd5 24. Qc3 Qb7 25. b4 cxb4 26. axb4 Rdc8 27. Qa3 axb4
28. Qxb4 Ra2 29. Bc4 Bxc4 30. Rxc4 Rc2 31. Rxc2 Rxc2 32. Ra1 Nf6 33. Qb1 Rc8
34. Ne5 b5 35. Nd3 Ne4 36. Qb2 Qc6 37. Rc1 Nc3 38. Rc2 Qc4 39. Ne5 Qc7 40. Qb4
g6 41. Nd3 Qc4 42. Qxc4 Rxc4 43. Kf1 Ne4 44. Rb2 Nd6 45. Ke2 Kf8 46. f3 Ke7 47.
Nb4 Rc3 48. e4 Nc4 49. Ra2 Re3+ 50. Kf2 Rb3 51. Ra7+ Kf8 52. Nc6 Rb2+ 53. Ke1
Rxg2 54. Nd8 b4 55. Rb7 Ne3 56. Nxf7 Nc2+ 57. Kf1 Ne3+ 58. Ke1 Nc2+ 59. Kf1
Ne3+ 60. Ke1 Nc2+ 61. Kf1 Rd2 62. Ne5 Ne3+ 63. Ke1 Rxd4 64. Nxg6+ Kg8 65. Ke2
Nc2 66. Ne5 Rd6 67. Nf7 Rc6 68. Nxh6+ Kf8 69. Ng4 Rc3 70. Kd2 Rc5 71. Nf6 Rc6
72. h4 Nd4 73. Ke3 Nc2+ 74. Kf4 Rc3 75. h5 Ne1 76. h6 Rxf3+ 77. Kg5 Rg3+ 78.
Ng4 Kg8 79. h7+ Kh8 80. Kh6 Rh3+ 81. Kg6 1-0

[Event "USCL Week 3"]
[Site "Internet Chess Club"]
[Date "2015.09.08"]
[Round "?"]
[White "Bartell, Tom"]
[Black "Stripunsky, Alex"]
[Result "0-1"]
[WhiteElo "2483"]
[BlackElo "2661"]
[PlyCount "56"]
[EventDate "2015.??.??"]

1. d4 d5 2. c4 c6 3. Nf3 Nf6 4. e3 Bf5 5. Nc3 e6 6. Nh4 Be4 7. f3 Bg6 8. Qb3
Qc7 9. Bd2 Be7 10. cxd5 cxd5 11. Nxg6 hxg6 12. O-O-O Nc6 13. Kb1 O-O 14. Rc1
Na5 15. Qd1 Nc4 16. g4 Rfc8 17. g5 Ne8 18. e4 Ned6 19. exd5 exd5 20. Bh3 Qb6
21. b3 Nxd2+ 22. Qxd2 Rxc3 23. Rxc3 Nb5 24. Rd3 Na3+ 25. Ka1 Bb4 26. Qf4 Qb5
27. Rhd1 Re8 28. Bf1 Qxd3 0-1

[Event "USCL Week 3"]
[Site "Internet Chess Club"]
[Date "2015.09.08"]
[Round "?"]
[White "Garcia, Erick"]
[Black "Jacobson, Brandon"]
[Result "0-1"]
[WhiteElo "2329"]
[BlackElo "2192"]
[PlyCount "88"]
[EventDate "2015.??.??"]

1. d4 Nf6 2. c4 g6 3. Nc3 d5 4. Bg5 Bg7 5. Nf3 dxc4 6. e4 c5 7. dxc5 Qa5 8. Nd2
Qxc5 9. Be3 Qc7 10. Bxc4 O-O 11. Be2 Rd8 12. Rc1 Nc6 13. O-O Qb8 14. h3 b6 15.
Qa4 Bb7 16. f4 Bh6 17. Bc4 Ne5 18. Rce1 Nd3 19. Bxd3 Rxd3 20. e5 Nh5 21. Nde4
Rxe3 22. Rxe3 Bxf4 23. Rxf4 Nxf4 24. Ng5 Nxg2 25. Qc4 e6 26. Re2 Qc8 27. Qg4
Qc5+ 28. Rf2 Qxe5 29. Rxg2 Bxg2 30. Qxg2 Rd8 31. Nf3 Qe3+ 32. Qf2 Qxf2+ 33.
Kxf2 f6 34. Ke3 Kf7 35. Ne4 h6 36. h4 e5 37. Nc3 Ke6 38. Nb5 Rd7 39. a4 f5 40.
Nd2 a6 41. Nc3 Rc7 42. Nb3 e4 43. Kf4 Rd7 44. a5 Rd3 0-1

[Event "USCL Week 3"]
[Site "Internet Chess Club"]
[Date "2015.09.08"]
[Round "?"]
[White "Williams, Chris"]
[Black "Winer, Steven"]
[Result "0-1"]
[WhiteElo "2334"]
[BlackElo "2425"]
[PlyCount "66"]
[EventDate "2015.??.??"]

1. d4 d5 2. c4 e6 3. Nf3 c6 4. Nc3 Nf6 5. Bg5 h6 6. Bh4 dxc4 7. e3 b5 8. Be2
Bb7 9. O-O Nbd7 10. Nd2 Be7 11. Bf3 Nd5 12. Bg3 O-O 13. e4 Nxc3 14. bxc3 e5 15.
dxe5 Nc5 16. Re1 Bg5 17. Nf1 Nd3 18. Re2 Re8 19. Qc2 Nxe5 20. Bxe5 Rxe5 21. Rd1
Qb6 22. g3 Rf8 23. h4 Be7 24. Ne3 Bc5 25. Ng4 Re7 26. e5 Bc8 27. Nh2 Rfe8 28.
Qe4 Rxe5 29. Qxe5 Rxe5 30. Rxe5 Bxf2+ 31. Kg2 Be6 32. Rf1 Qc7 33. Ng4 Bxg3 0-1

[Event "USCL Week 3"]
[Site "Internet Chess Club"]
[Date "2015.09.08"]
[Round "?"]
[White "Zierk, Steven"]
[Black "Vigorito, David"]
[Result "0-1"]
[WhiteElo "2562"]
[BlackElo "2511"]
[PlyCount "64"]
[EventDate "2015.??.??"]

1. e4 c6 2. d4 d5 3. Nc3 dxe4 4. Nxe4 Bf5 5. Ng3 Bg6 6. Nf3 Nd7 7. h4 h6 8. h5
Bh7 9. Bd3 Bxd3 10. Qxd3 e6 11. Bd2 Ngf6 12. O-O-O Be7 13. Ne4 Nxe4 14. Qxe4
Nf6 15. Qe2 Qd5 16. c4 Qe4 17. Qxe4 Nxe4 18. Be3 f5 19. g3 Bg5 20. Nxg5 hxg5
21. g4 f4 22. f3 Nd6 23. c5 fxe3 24. cxd6 Rf8 25. Rd3 Rxf3 26. Re1 Rd8 27.
Rdxe3 Rxe3 28. Rxe3 Rxd6 29. Re5 Rxd4 30. Rxg5 Kf7 31. Kc2 Rd5 32. Rg6 e5 0-1

[Event "USCL Week 3"]
[Site "Internet Chess Club"]
[Date "2015.09.08"]
[Round "?"]
[White "Katz, Alexander"]
[Black "Shmelov, Denys"]
[Result "1/2-1/2"]
[WhiteElo "2464"]
[BlackElo "2444"]
[PlyCount "45"]
[EventDate "2015.??.??"]

1. e4 e5 2. Nf3 Nc6 3. Bc4 Nf6 4. d3 Bc5 5. c3 a6 6. Nbd2 d6 7. Bb3 Ba7 8. Nf1
Ne7 9. Ng3 Ng6 10. Bg5 Nf4 11. Bxf4 exf4 12. Ne2 Nh5 13. Qd2 Qf6 14. d4 O-O 15.
O-O-O c5 16. e5 Qh6 17. dxc5 dxc5 18. Qd6 c4 19. Bxc4 Bxf2 20. Qxh6 gxh6 21.
Rd6 Bf5 22. Ned4 Be3+ 23. Kd1 1/2-1/2

[Event "USCL Week 3"]
[Site "Internet Chess Club"]
[Date "2015.09.08"]
[Round "?"]
[White "Fonseca, Miguel"]
[Black "Kim, Yoon-Young"]
[Result "0-1"]
[WhiteElo "2067"]
[BlackElo "2240"]
[PlyCount "77"]
[EventDate "2015.??.??"]

1. b3 d5 2. Bb2 Nf6 3. e3 Bf5 4. Nf3 h6 5. c4 e6 6. Nc3 Be7 7. Be2 O-O 8. O-O
c6 9. d4 Nbd7 10. Bd3 Bxd3 11. Qxd3 Bb4 12. a3 Bxc3 13. Bxc3 Ne4 14. Bb2 a5 15.
Nd2 Nxd2 16. Qxd2 a4 17. Qb4 axb3 18. Qxb3 Nb6 19. cxd5 exd5 20. a4 Nc4 21. Bc3
b6 22. e4 Qd7 23. Rfe1 Ra6 24. Ra2 Rfa8 25. Bb4 b5 26. a5 dxe4 27. Rxe4 Nxa5
28. Qe3 Nc4 29. Rxa6 Rxa6 30. Re8+ Kh7 31. Qd3+ g6 32. Re1 Nb6 33. h4 Nd5 34.
Bc5 Qg4 35. Re4 Nf4 36. Qf3 Ra1+ 37. Kh2 Qxh4+ 38. Qh3 Qxf2 39. Re7 0-1

[Event "USCL Week 3"]
[Site "Internet Chess Club"]
[Date "2015.09.08"]
[Round "?"]
[White "Jacobson, Aaron"]
[Black "Hernandez-Camen, Angel"]
[Result "0-1"]
[WhiteElo "2211"]
[BlackElo "2220"]
[PlyCount "88"]
[EventDate "2015.??.??"]

1. e4 c6 2. d4 d5 3. e5 Bf5 4. Nf3 e6 5. Be2 Nd7 6. O-O h6 7. Nbd2 Ne7 8. c3
Qc7 9. b4 Bg4 10. Nb3 Nc8 11. a4 Be7 12. Re1 O-O 13. h3 Bxf3 14. Bxf3 b6 15. a5
Rb8 16. Be3 c5 17. axb6 axb6 18. bxc5 bxc5 19. Re2 Ncb6 20. Rea2 Ra8 21. Be2
Rxa2 22. Rxa2 Nc4 23. Nc1 Nxe3 24. fxe3 f6 25. Ra6 fxe5 26. Rxe6 Bg5 27. dxe5
Bxe3+ 28. Kh1 d4 29. cxd4 cxd4 30. Nd3 Kh8 31. Bf3 Nc5 32. Nxc5 Qxc5 33. Rc6
Qxe5 34. Qc2 Qg3 35. Qb1 Bf4 36. Kg1 Be3+ 37. Kh1 Bf4 38. Kg1 Re8 39. Kf1 d3
40. Rc3 Bd2 41. Rc1 Qh2 42. Rd1 Be3 43. Qxd3 Qg1+ 44. Ke2 Qf2# 0-1

[Event "USCL Week 3"]
[Site "Internet Chess Club"]
[Date "2015.09.08"]
[Round "?"]
[White "Pelaez, Jorge"]
[Black "Pressman, Leif"]
[Result "1/2-1/2"]
[WhiteElo "2233"]
[BlackElo "2399"]
[PlyCount "57"]
[EventDate "2015.??.??"]

1. Nf3 d5 2. c4 d4 3. g3 Nc6 4. Bg2 e5 5. O-O a5 6. d3 Nf6 7. Na3 Be7 8. e3
dxe3 9. Bxe3 O-O 10. Nb5 Ng4 11. d4 Nxe3 12. fxe3 exd4 13. exd4 Bf6 14. d5 Ne5
15. Nxe5 Bxe5 16. Qe2 Re8 17. Qf2 f6 18. Rad1 Bg4 19. Rd2 Qd7 20. Nd4 Rad8 21.
c5 Bxd4 22. Qxd4 Bh3 23. Bxh3 Qxh3 24. Qc3 Qh6 25. d6 cxd6 26. cxd6 Qe3+ 27.
Qxe3 Rxe3 28. Rc1 Re6 29. Rc7 1/2-1/2

[Event "USCL Week 3"]
[Site "Internet Chess Club"]
[Date "2015.09.08"]
[Round "?"]
[White "Molner, Mackenzie"]
[Black "Rubenchik, Rodion"]
[Result "1-0"]
[WhiteElo "2592"]
[BlackElo "2331"]
[PlyCount "107"]
[EventDate "2015.??.??"]

1. e4 e6 2. d4 d5 3. Nd2 Be7 4. e5 c5 5. Qg4 g6 6. dxc5 Nc6 7. Bb5 Bxc5 8. Nb3
Bb6 9. Nf3 Bd7 10. Bd3 Qc7 11. Qg3 O-O-O 12. O-O f6 13. Re1 Rf8 14. Be3 Bxe3
15. Rxe3 f5 16. Qf4 Nf6 17. Nbd4 Ne4 18. Nxc6 Bxc6 19. Re2 Kb8 20. c3 Bd7 21.
Qc1 Nc5 22. Qc2 Rc8 23. Nd4 Qb6 24. Qd2 h6 25. Rc1 g5 26. Ree1 a6 27. Bf1 Rc7
28. f3 Rhc8 29. Qf2 f4 30. Nb3 Ba4 31. Nd4 Be8 32. Rcd1 Bg6 33. Rd2 Ka7 34. b4
Na4 35. Nxe6 Qxf2+ 36. Kxf2 Rxc3 37. Nd4 R8c7 38. e6 Re7 39. g4 fxg3+ 40. hxg3
Nb6 41. f4 gxf4 42. gxf4 Rc8 43. f5 Rf8 44. Rd3 Nc4 45. Rf3 Nd2 46. fxg6 Nxf3
47. Nxf3 Rf6 48. Bd3 Rexe6 49. Rxe6 Rxe6 50. g7 Re8 51. Bh7 h5 52. g8=Q Rxg8
53. Bxg8 Kb6 54. Bxd5 1-0